000 00834cam a2200157 4500500
005 20260322002252.0
041 _afre
042 _adc
100 1 0 _aMartinez, Jean-Luc
_eauthor
245 0 0 _aMeeting of November 25, 2023
260 _c2025.
500 _a23
520 _aRecent advances in archaeometric research have made it possible to confirm the Egyptian origin of colourless glass decolorized with antimony, the quality glass that reigned supreme on Roman tables from the Flavian period until the early 4th century. The repertoire and dating of this tableware has been determined by studying assemblages from Gaul and Rome.
786 0 _nRevue archéologique | 79 | 1 | 2025-05-27 | p. 189-195 | 0035-0737
856 4 1 _uhttps://shs.cairn.info/journal-revue-archeologique-2025-1-page-189?lang=en&redirect-ssocas=7080
999 _c1721883
_d1721883